000
00291nam a22001097a 4500
003
Biblioteca Akishino
005
20260506121502.0
008
s ag ||||| |||| 00| 0 spa d
040
_a
Biblioteca Su Alteza Imperial PrÃncipe Akishino
_e
AACR2
245
_a
No catalogado
942
_2
z
_c
GRAL
999
_c
904
_d
904